Statistics for Daily Country Riddle #10

Click here to take the quiz!

General Stats

  • This quiz has been taken 479 times
  • The average score is 8 of 9

Answer Stats

TypeAnswer% Correct
Found LetterI
100%
Correctly Placed LetterI
93%
Correctly Placed LetterF
86%
Found LetterF
86%
AnswerFiji
86%
Correctly Placed LetterI
86%
Found LetterI
86%
Correctly Placed LetterJ
86%
Found LetterJ
86%

Score Distribution

Percentile by Number Answered

Percent of People with Each Score

Your Score History

You have not taken this quiz